| 000 | 01234nam a2200349 a 4500 | ||
|---|---|---|---|
| 003 | AR-BaBNM | ||
| 005 | 20251128204526.0 | ||
| 008 | 082120s2002 ||||||||||||||000 | spa|| | ||
| 040 | _cAR-BaBNM | ||
| 245 | 0 | 0 | _aPsicología y didáctica de la enseñanza |
| 260 |
_aBuenos Aires _bPaidós _c1964-1966 |
||
| 300 |
_a667 p. _bil. |
||
| 490 | 0 |
_aNueva enciclopedía pedagógica del educador. Didáctica escolar _vv. 11 |
|
| 500 | _aContenido: Como hacer progresar al escolar - Como enseñar a resolver problemas en el aula - Como enseñar las ciencias al escolar - Como estudiar para aprender - Como enseñar al escolar y al estudiantes lentos | ||
| 504 | _aContiene bibliografía | ||
| 650 | 4 | _aPROMOCION DEL ALUMNO | |
| 650 | 4 | _aCALIFICACIONES | |
| 650 | 4 | _aENSEÑANZA DE LA CIENCIA | |
| 650 | 4 | _aEXPERIMENTOS CIENTIFICOS | |
| 650 | 4 | _aMETODOS DE ESTUDIO | |
| 650 | 4 | _aEDUCACION ESPECIAL | |
| 650 | 4 | _aALUMNOS DE APRENDIZAJE LENTO | |
| 653 | _aPROCESO DE ENSEÑANZA-APRENDIZAJE | ||
| 700 | 1 | _aElsbree, Willard S. | |
| 700 | 1 | _aHudgins, Bryce B. | |
| 700 | 1 | _aSheckles, Mary | |
| 700 | 1 | _aMeenes, Max | |
| 700 | 1 | _aFeatherstone, W.B. | |
| 700 | 1 |
_aCaswell, H.L. _eprologuista |
|
| 942 | _cBK | ||
| 998 | _cGrace | ||
| 999 |
_c7780 _d7780 |
||